Statistics for Cities Made Famous by the News

Click here to take the quiz!

General Stats

  • This quiz has been taken 92 times
  • The average score is 8 of 16

Answer Stats

YearKnown for...Answer% Correct
2020The city where the deadly virus known as "Coronavirus" startedWuhan
97%
1869The canal with the same name as the city was opened to connect the Mediterranean Sea to the Indian OceanSuez
75%
1918The Treaty to end the WW1 was done hereVersailles
71%
1692A series of hearings and prosecutions of people accused of witchcraft happened in this citySalem
68%
2011A Nuclear disaster happened outside this city, due to an Earthquake and TsunamiFukushima
66%
1999The ____ High School massacre was a school shooting and attempted bombing in ColoradoColumbine
60%
2014One of two big Iraqi cities to fall to ISMosul
53%
1955Disneyland was build hereAnaheim
49%
1993Both movies and books such as "Black Hawk Down" have been based upon the U.S. military's raid of this cityMogadishu
48%
1942The largest single attack ever mounted by a foreign power on Australia was fought hereDarwin
46%
1947The ____ UFO incident was named after this town in New Mexico even though the crash happened at a ranch 75 miles from itRoswell
46%
2018This city hosted the winter olympics 2018Pyeongchang
39%
1937During a civil war this city was bombed by the Condor Legion of Nazi Germany and and the Italian Aviazione LegionariaGuernica
18%
1900The city was struck by the deadliest natural disaster in the US and killed around 6000-8000 residentsGalveston
16%
1995In this small former Yugoslavian city a massacre took place that resulted in 8000 deadsSrebrenica
16%
1983Two truck bombs struck buildings in here housing American and French servicer members of the Multinational ForcesBeirut
10%

Score Distribution

Percentile by Number Answered

Percent of People with Each Score

Your Score History

You have not taken this quiz